LEADER 01717oam 2200469 450 001 9910706997403321 005 20181018133745.0 035 $a(CKB)5470000002459499 035 $a(OCoLC)1029561462 035 $a(EXLCZ)995470000002459499 100 $a20180326d2018 ua 0 101 0 $aeng 135 $aurbn||||a|||| 181 $ctxt$2rdacontent 182 $cc$2rdamedia 183 $acr$2rdacarrier 200 10$a21st century trade barriers $eprotectionist cross border data flow policies impact on U.S. jobs : hearing before the Subcommittee on Digital Commerce and Consumer Protection of the Committee on Energy and Commerce, House of Representatives, One Hundred Fifteenth Congress, first session, October 12, 2017 210 1$aWashington :$cU.S. Government Publishing Office,$d2018. 215 $a1 online resource (iii, 95 pages) $cillustrations 300 $a"Serial No. 115-66." 320 $aIncludes bibliographical references. 517 $a21st century trade barriers 606 $aTransborder data flow$xEconomic aspects$zUnited States 606 $aData protection$xEconomic aspects$zUnited States 606 $aElectronic commerce$xGovernment policy 606 $aProtectionism 608 $aLegislative hearings.$2lcgft 615 0$aTransborder data flow$xEconomic aspects 615 0$aData protection$xEconomic aspects 615 0$aElectronic commerce$xGovernment policy. 615 0$aProtectionism. 801 0$bGPO 801 1$bGPO 801 2$bMERUC 801 2$bGPO 801 2$bOCLCF 801 2$bUOK 801 2$bGPO 906 $aBOOK 912 $a9910706997403321 996 $a21st century trade barriers$93444896 997 $aUNINA